Introductory analysis, second edition : (Record no. 29345)

000 -LEADER
fixed length control field 00586 a2200181 4500
020 ## - INTERNATIONAL STANDARD BOOK NUMBER
International Standard Book Number 0122676556
020 ## - INTERNATIONAL STANDARD BOOK NUMBER
International Standard Book Number 9780122676550
082 04 - DEWEY DECIMAL CLASSIFICATION NUMBER
Classification number 515
090 ## - LOCALLY ASSIGNED LC-TYPE CALL NUMBER (OCLC); LOCAL CALL NUMBER (RLIN)
-- 716
-- 716
100 1# - MAIN ENTRY--PERSONAL NAME
Personal name Fridy, John A.
245 10 - TITLE STATEMENT
Title Introductory analysis, second edition :
Remainder of title the theory of calculus /
Statement of responsibility, etc. John A. Fridy.
250 ## - EDITION STATEMENT
Edition statement 2nd ed.
260 ## - PUBLICATION, DISTRIBUTION, ETC.
Place of publication, distribution, etc. [S.l.] :
Name of publisher, distributor, etc. Academic Press,
Date of publication, distribution, etc. 2000.
300 ## - PHYSICAL DESCRIPTION
Extent 335 p. ;
Dimensions 24 cm.
700 ## - ADDED ENTRY--PERSONAL NAME
Personal name Fridy, John A.
942 ## - ADDED ENTRY ELEMENTS (KOHA)
Institution code [OBSOLETE] SNS
Koha item type Book
Call number prefix 515 FRI
Holdings
Withdrawn status Lost status Damaged status Not for loan Permanent Location Current Location Date acquired Total Checkouts Full call number Barcode Date last seen Price effective from Koha item type
        School of Natural Sciences (SNS) School of Natural Sciences (SNS) 05/26/2016   515 FRI SNS0000877 11/24/2022 05/26/2016 Book
© 2023 Central Library, National University of Sciences and Technology. All Rights Reserved.